| 000 | 00953nam a22002057a 4500 | ||
|---|---|---|---|
| 999 |
_c153 _d153 |
||
| 003 | AR-CdUCM | ||
| 008 | 190222b ||||| |||| 00| 0 spa d | ||
| 040 |
_aMUNICIPALIDAD PROVINCIAL DEL CUSCO _cBIBLIOTECA MUNICIPAL DEL CUSCO |
||
| 082 |
_a869.9533 / _bL86 |
||
| 100 |
_aLopez Estrada, Francisco _9724 |
||
| 245 |
_aRubén Dario y la edad media : _buna perspectiva poco conocida sobre la vida del escritor / |
||
| 260 |
_aBarcelona : _bPlaneta, _c1971. |
||
| 300 |
_a164 páginas ; _bIlustraciones. _c21.5 cm. |
||
| 505 | _aContenido: El romanticismo en el origen de su obra: Ruben, artista integrador -- El medievalismo -- Dario adopta asuntos y el aire medieval -- El prerrafaelismo y su conexión con el modernismo -- Los pintores primitivos italianos y su valoración prerrafaelista ... | ||
| 650 |
_aRomanticismo _9518 |
||
| 650 |
_aMedievalismo Huguesco _9725 |
||
| 650 |
_aCultura medieval _9726 |
||
| 942 |
_2ddc _cLIBROS |
||
| 945 |
_aafb _d2019-02-22 |
||